000 00308nam a22001337a 4500
999 _c532929
_d532929
003 NUST
038 _aM.Ramzan
082 _a658.404
_bGOP
100 _aGOP
_926544
245 _aGuidelines for Project Management /
260 _aIslamabad:
_bGovt of akistan,
_c2008.
300 _a219 p, :
942 _2ddc
_cBK